| 000 | 02098nam a2200385 i 4500 | ||
|---|---|---|---|
| 001 | 60434 | ||
| 003 | ES-MaACL | ||
| 005 | 20250901063118.0 | ||
| 007 | t| | ||
| 008 | 031104e1979 sp |r 00110dspa | ||
| 017 |
_aM 122-1979 _bOficina Depósito Legal Madrid |
||
| 020 | _a84-276-0466-1 | ||
| 040 | _cES-MaACL | ||
| 080 | _a342.518(460)"1823"(093) | ||
| 080 | _a342.518(460)"17" | ||
| 080 | _a35(460)"17" | ||
| 080 | _a32(460)"17"(093.2) | ||
| 100 | 1 |
_aEscudero, José Antonio, _d1936- _eaut _9239313 |
|
| 245 | 1 | 4 |
_aLos orígenes del Consejo de Ministros en España : _bla Junta Suprema de Estado / _cJosé Antonio Escudero |
| 260 |
_aMadrid : _bEditora Nacional, _c[1979] |
||
| 300 |
_a2 volúmenes ; _c24 cm |
||
| 500 | _aApéndice documental (v. II) | ||
| 500 | _aÍndice | ||
| 504 | _aBibliografía (v. I) | ||
| 520 | _aJosé Antonio Escudero reconstruye la aparición y evolución del régimen ministerial a lo largo del siglo XVIII, por lo que es una obra de consulta obligada para conocer las reformas borbónicas y la sucesión de los ministros y ministerios en esa centuria; un clásico de la historia de la Administración. Este libro estudia los orígenes del régimen ministerial en España y examina cómo fue el despacho del rey con los ministros en las distintas épocas, desde el despacho individual e informal al principio, hasta el colectivo y sistematizado después con todos los miembros del Gabinete. Orígenes del régimen ministerial español, pues, y orígenes del despacho reglado y colectivo, que se llamó Junta Suprema de Estado en 1787 y Consejo de Ministros en 1823 | ||
| 610 | 1 | 4 |
_aEspaña. _bConsejo de Ministros- _vHistoria _9152928 |
| 650 | 4 |
_aSecretarios de Estado- _zEspaña- _vHistoria _9152929 |
|
| 651 | 4 |
_aEspaña- _xAdministración- _yS.XVIII _9144197 |
|
| 651 | 4 |
_aEspaña- _xHistoria- _yS.XVIII- _vFuentes _9157994 |
|
| 710 | 2 |
_aEditora Nacional (España) _eedt _93433 |
|
| 852 | 4 |
_aES-MaACL _bR.99093 _cDEPO1 _jA-9942-43 |
|
| 942 |
_cMONOGRAFIA _n0 |
||
| 999 |
_c60434 _d60434 |
||